Time lines on file
Shranjeno v:
| Glavni avtor: | |
|---|---|
| Format: | Knjiga |
| Jezik: | Undetermined |
| Izdano: |
New York
Facts on Files
1988
|
| Teme: | |
| Oznake: |
Označite
Brez oznak, prvi označite!
|
| Thư viện lưu trữ: | Trung tâm Học liệu Trường Đại học Cần Thơ |
|---|
| LEADER | 00459nam a2200181Ia 4500 | ||
|---|---|---|---|
| 001 | CTU_29268 | ||
| 008 | 210402s9999 xx 000 0 und d | ||
| 082 | |a 902.02 | ||
| 082 | |b F533 | ||
| 100 | |a Diagram Group | ||
| 245 | 0 | |a Time lines on file | |
| 245 | 0 | |c Diagram Group | |
| 260 | |a New York | ||
| 260 | |b Facts on Files | ||
| 260 | |c 1988 | ||
| 650 | |a world history | ||
| 904 | |i Minh, 990317 | ||
| 980 | |a Trung tâm Học liệu Trường Đại học Cần Thơ | ||